Ok, hands up (Record no. 77003)
[ view plain ]
| 000 -LEADER | |
|---|---|
| fixed length control field | 01125cab a2200193 4500 |
| 001 - CONTROL NUMBER | |
| control field | ##L133432 |
| 008 - FIXED-LENGTH DATA ELEMENTS--GENERAL INFORMATION | |
| fixed length control field | 060508n2006 000 0 eng u |
| 035 ## - SYSTEM CONTROL NUMBER | |
| System control number | (Sirsi) u133432 |
| 041 0# - LANGUAGE CODE | |
| Language code of text/sound track or separate title | eng |
| 100 1# - MAIN ENTRY--PERSONAL NAME | |
| Personal name | Bell, James |
| 245 00 - TITLE STATEMENT | |
| Title | Ok, hands up |
| Remainder of title | it is all my fault - but don't try and hold me to that |
| 260 ## - PUBLICATION, DISTRIBUTION, ETC. | |
| Date of publication, distribution, etc. | 2006 |
| 490 #0 - SERIES STATEMENT | |
| Series statement | Construction News |
| Volume/sequential designation | (6965) 4 May 2006, 28(1) |
| 520 ## - SUMMARY, ETC. | |
| Summary, etc. | Examines the implications of the CA's decision in the personal injury case of "Sowerby v Charlton" ([2005] EWCA Civ 1610, unreported), where an admission by C before proceedings commenced that primary liability was admitted, was held by the CA not to be binding, on the basis that a party's case will not have been properly thought out until court documents are prepared. The result is that claimant's lawyers will now have to carry on investigating liability even when such an admission is made, thus running up unnecessary costs. |
| 590 ## - LOCAL NOTE (RLIN) | |
| Local note | IKA090506 |
| 650 24 - SUBJECT ADDED ENTRY--TOPICAL TERM | |
| Topical term or geographic name entry element | SOWERBY V CHARLTON |
| 690 ## - LOCAL SUBJECT ADDED ENTRY--TOPICAL TERM (OCLC, RLIN) | |
| Topical term or geographic name as entry element | MANAGEMENT-DISPUTE AVOIDANCE, MANAGEMENT AND RESOLUTION-DISPUTE MANAGEMENT AND RESOLUTION-CASE MANAGEMENT |
| 942 ## - ADDED ENTRY ELEMENTS (KOHA) | |
| Suppress in OPAC | 0 |
| Withdrawn status | Lost status | Source of classification or shelving scheme | Damaged status | Not for loan | Home library | Current library | Shelving location | Date acquired | Total Checkouts | Full call number | Barcode | Date last seen | Copy number | Price effective from | Koha item type |
|---|---|---|---|---|---|---|---|---|---|---|---|---|---|---|---|
| Dewey Decimal Classification | London | London | Journal article | 08/05/2006 | L133432 | 133432-1001 | 06/08/2019 | 1 | 06/08/2019 | Journal article |